Manual of instructions on programme planning monitoring and enaluation: social forestry programmes (Record no. 499203)

000 -LEADER
fixed length control field 00483cam a22001097a 4500
008 - FIXED-LENGTH DATA ELEMENTS--GENERAL INFORMATION
fixed length control field 180718b1986 xxu||||| |||| 00| 0 eng d
082 ## - DEWEY DECIMAL CLASSIFICATION NUMBER
Classification number Y4037x5442 M278
245 ## - TITLE STATEMENT
Title Manual of instructions on programme planning monitoring and enaluation: social forestry programmes
Statement of responsibility, etc. by Horiculture and Social Forestry Department, Maharashtra
260 ## - PUBLICATION, DISTRIBUTION, ETC.
Place of publication, distribution, etc. Bombay
Name of publisher, distributor, etc. Horiculture and Social Forestry Department
Date of publication, distribution, etc. 1986
300 ## - PHYSICAL DESCRIPTION
Extent 196p.
700 ## - ADDED ENTRY--PERSONAL NAME
Personal name Maharashtra. Horiculture and Social Forestry Department
Holdings
Withdrawn status Lost status Damaged status Not for loan Permanent Location Current Location Date acquired Full call number Barcode Date last seen Price effective from Koha item type
        Indian Institute of Public Administration Indian Institute of Public Administration 2018-08-04 Y4037x5442 M278 G17150 2018-08-04 2018-08-04 G

Powered by Koha